Le Canton de aud a la croisee des chemins
Zapisane w:
| 1. autor: | |
|---|---|
| Format: | Książka |
| Język: | Undetermined |
| Wydane: |
1946
|
| Hasła przedmiotowe: | |
| Etykiety: |
Dodaj etykietę
Nie ma etykietki, Dołącz pierwszą etykiete!
|
| Thư viện lưu trữ: | Trung tâm Học liệu Trường Đại học Cần Thơ |
|---|
| LEADER | 00507nam a2200169Ia 4500 | ||
|---|---|---|---|
| 001 | CTU_83953 | ||
| 008 | 210402s9999 xx 000 0 und d | ||
| 082 | |a 330.9 | ||
| 082 | |b R548 | ||
| 100 | |a Rieben, Henri | ||
| 245 | 0 | |a Le Canton de aud a la croisee des chemins | |
| 245 | 0 | |c Henri Rieben, Jean- Paul Gonvers, Charles Iffland | |
| 260 | |c 1946 | ||
| 650 | |a Vaud (switzerland) | ||
| 650 | |x Economic conditions | ||
| 904 | |i Mai Loan, QHiéu | ||
| 980 | |a Trung tâm Học liệu Trường Đại học Cần Thơ | ||